Bảy mươi 70 bài thuốc phòng chống bệnh tật

Khái quát những vấn đề cơ bản về một bài thuốc đông y và giới thiệu hơn 70 bài thuốc cổ truyền được chọn lọc trong các sách kinh điển đông y, mỗi bài thuốc đều được ghi rõ thành phần cách dùng, giải thích bài thuốc theo dược lí cổ truyền và ứng dụng lâm sàng Đông - Tây y...

全面介绍

Đã lưu trong:
书目详细资料
主要作者: Hoàng, Khánh Toàn
其他作者: Hoàng Khánh Toàn
语言:Undetermined
出版: Hà Nội Quân đội Nhân dân 2010
主题:
标签: 添加标签
没有标签, 成为第一个标记此记录!
Thư viện lưu trữ: Trung tâm Học liệu Trường Đại học Trà Vinh
LEADER 00971nam a2200229Ia 4500
001 TVU_20522
008 210423s9999 xx 000 0 und d
041 |a Vie 
082 |a 615.8 
082 |b T406 
100 |a Hoàng, Khánh Toàn 
245 0 |a Bảy mươi 70 bài thuốc phòng chống bệnh tật 
245 0 |c Hoàng Khánh Toàn 
260 |a Hà Nội 
260 |b Quân đội Nhân dân 
260 |c 2010 
300 |a 286 tr. 
300 |c 21 cm 
520 |a Khái quát những vấn đề cơ bản về một bài thuốc đông y và giới thiệu hơn 70 bài thuốc cổ truyền được chọn lọc trong các sách kinh điển đông y, mỗi bài thuốc đều được ghi rõ thành phần cách dùng, giải thích bài thuốc theo dược lí cổ truyền và ứng dụng lâm sàng Đông - Tây y 
650 |a Y học cổ truyền 
700 |a Hoàng Khánh Toàn 
980 |a Trung tâm Học liệu Trường Đại học Trà Vinh